| 000 | 00630nam a2200181 a 4500 | ||
|---|---|---|---|
| 005 | 20250116063833.0 | ||
| 008 | 991125s1968 gen 000 0 fre u | ||
| 035 | _aUPN01000031905 | ||
| 049 | _aCG | ||
| 050 | 4 |
_aL10 _bI69 no.312 |
|
| 111 | 2 |
_aInternational Conference on Public Education _n(31a : _d1968 : _cGeneva, Suiza) |
|
| 245 | 1 | 0 |
_aInternational understanding : _bas an integral part of the school curriculum. |
| 260 |
_aGeneva : _bInternational Bureau of Education : _bUNESCO; _c1968. |
||
| 300 | _a240 p. | ||
| 440 | 0 |
_aBureau International d'Education. _pPublication ; _v312 |
|
| 650 | 4 |
_aEducación _9682 |
|
| 905 | _aLibro | ||
| 999 |
_c31905 _d31905 |
||